000 00638nam a2200277Ia 4500
005 20260324111835.0
008 008 260324s9999 xx 000 0 eng d
020 _a9781003651680
037 _aEBOOK
040 _aCRL
040 _beng
040 _cCRL
041 _2eng
041 _aeng
084 _qCRL
100 _aBernard Amadei
_91140242
245 0 _aEngineering for Peace and Diplomacy
260 _bTaylor and Francis
260 _c2025
365 _a
365 _b240
856 _uhttp://www.taylorfrancis.com/books/9781003651680
942 _cEBOOK
999 _c1729179
_d1729179